| 000 | 00392nam a22001577a 4500 | ||
|---|---|---|---|
| 003 | MPLRDC | ||
| 005 | 20220104142753.0 | ||
| 008 | 210129b ||||| |||| 00| 0 eng d | ||
| 082 | _a783.861 SZY | ||
| 100 | _a宋卓英主编 | ||
| 245 |
_a现代东南亚成功人物志 _c |
||
| 260 |
_a _bMODERN SOUTHEAST ASIA PUBLICATIONS _c |
||
| 300 | _b精 | ||
| 650 | _a | ||
| 942 |
_cBK _o783.861 SZY |
||
| 999 |
_c33566 _d33556 |
||